Statistics for Every Billboard #1 Hit of the 2010s

Click here to take the quiz!

General Stats

  • This quiz has been taken 12 times
  • The average score is 40 of 116

Answer Stats

DateArtist# of Weeks at #1Answer% Correct
January 2010Kesha9Tik Tok
88%
May 2014John Legend3All of Me
75%
March 2014Pharrell Williams10Happy
75%
January 2017Ed Sheeran12Shape of You
75%
June 2010Katy Perry feat. Snoop Dogg6California Gurls
75%
February 2014Katy Perry feat. Juicy J4Dark Horse
75%
November 2015Adele10Hello
75%
October 2013Lorde9Royals
75%
September 2014Taylor Swift4Shake It Off
75%
September 2014Meghan Trainor8All About That Bass
63%
June 2015Taylor Swift feat. Kendrick Lamar1Bad Blood
63%
June 2013Robin Thicke feat. T.I. and Pharrell12Blurred Lines
63%
April 2019Lil Nas X solo or feat. Billy Ray Cyrus19Old Town Road
63%
January 2015Mark Ronson feat. Bruno Mars14Uptown Funk
63%
June 2012Carly Rae Jepsen9Call Me Maybe
63%
December 2010Katy Perry4Firework
63%
January 2011Bruno Mars4Grenade
63%
January 2018Camila Cabello feat. Young Thug1Havana
63%
July 2010Eminem feat. Rihanna7Love the Way You Lie
63%
December 2017Ed Sheeran solo or duet with Beyoncé6Perfect
63%
September 2013Katy Perry2Roar
63%
December 2013Eminem feat. Rihanna4The Monster
63%
September 2013Miley Cyrus3Wrecking Ball
63%
February 2019Ariana Grande87 Rings
50%
August 2019Billie Eilish1Bad Guy
50%
November 2014Taylor Swift7Blank Space
50%
April 2012Gotye feat. Kimbra8Somebody That I Used to Know
50%
February 2013Macklemore & Ryan Lewis feat. Wanz6Thrift Shop
50%
September 2016The Chainsmokers feat. Halsey12Closer
50%
December 2012Rihanna3Diamonds
50%
April 2013Pink feat. Nate Ruess3Just Give Me a Reason
50%
September 2011Maroon 5 feat. Christina Aguilera4Moves Like Jagger
50%
July 2011LMFAO feat. Lauren Bennett and GoonRock6Party Rock Anthem
50%
July 2014Magic!6Rude
50%
August 2019Shawn Mendes and Camila Cabello1Señorita
50%
March 2019Lady Gaga and Bradley Cooper1Shallow
50%
January 2016Justin Bieber3Sorry
50%
September 2019Lizzo7Truth Hurts
50%
December 2019Mariah Carey1All I Want for Christmas Is You
38%
February 2018Drake11God's Plan
38%
May 2011Adele7Rolling in the Deep
38%
May 2013Macklemore & Ryan Lewis feat. Ray Dalton5Can't Hold Us
38%
August 2016Sia feat. Sean Paul4Cheap Thrills
38%
November 2019Post Malone3Circles
38%
May 2017Luis Fonsi feat. Daddy Yankee and Justin Bieber16Despacito
38%
June 2014Iggy Azalea feat. Charli XCX7Fancy
38%
May 2017Kendrick Lamar1Humble
38%
October 2010Bruno Mars4Just the Way You Are
38%
April 2015Wiz Khalifa feat. Charlie Puth12See You Again
38%
November 2019Lewis Capaldi3Someone You Loved
38%
January 2017The Weeknd feat. Daft Punk1Starboy
38%
February 2012Kelly Clarkson3Stronger (What Doesn't Kill You)
38%
March 2019Jonas Brothers1Sucker
38%
January 2019Post Malone and Swae Lee1Sunflower
38%
November 2018Ariana Grande7Thank U, Next
38%
October 2015The Weeknd6The Hills
38%
May 2018Childish Gambino2This Is America
38%
January 2014Pitbull feat. Kesha3Timber
38%
March 2012Fun feat. Janelle Monáe6We Are Young
38%
March 2016Rihanna feat. Drake9Work
38%
February 2011Wiz Khalifa1Black and Yellow
25%
February 2016Justin Bieber2Love Yourself
25%
February 2011Lady Gaga6Born This Way
25%
July 2015Omi6Cheerleader
25%
April 2011Katy Perry feat. Kanye West5E.T.
25%
September 2018Maroon 5 feat. Cardi B7Girls Like You
25%
July 2018Cardi B, Bad Bunny, and J Balvin1I Like It
25%
May 2017DJ Khaled feat. Justin Bieber, Quavo, Chance the Rapper, and Lil Wayne1I'm the One
25%
August 2011Katy Perry2Last Friday Night (T.G.I.F)
25%
October 2010Far East Movement feat. The Cataracs and Dev3Like a G6
25%
December 2012Bruno Mars6Locked Out of Heaven
25%
September 2017Taylor Swift3Look What You Made Me Do
25%
November 2019Selena Gomez1Lose You to Love Me
25%
May 2010Eminem1Not Afraid
25%
May 2010Usher feat. will.i.am4OMG
25%
May 2016Drake feat. WizKid and Kyla10One Dance
25%
March 2012Katy Perry1Part of Me
25%
February 2016Zayn1Pillowtalk
25%
October 2017Post Malone feat. 21 Savage8Rockstar
25%
September 2011Adele5Someone Like You
25%
September 2010Katy Perry2Teenage Dream
25%
September 2012Taylor Swift3We Are Never Ever Getting Back Together
25%
August 2012Flo Rida2Whistle
25%
January 2017Migos feat. Lil Uzi Vert3Bad and Boujee
13%
November 2016Rae Sremmurd feat. Gucci Mane7Black Beatles
13%
October 2017Cardi B3Bodak Yellow
13%
August 2015The Weeknd3Can't Feel My Face
13%
May 2016Justin Timberlake1Can't Stop the Feeling
13%
July 2011Pitbull feat. Ne-Yo, Afrojack, and Nayer1Give Me Everything
13%
December 2019The Weeknd1Heartless
13%
July 2018Drake10In My Feelings
13%
May 2010B.o.B feat. Bruno Mars2Nothin' on You
13%
September 2012Maroon 59One More Night
13%
December 2010Rihanna1Only Girl (In the World)
13%
May 2016Desiigner2Panda
13%
June 2018Post Malone feat. Ty Dolla $ign1Psycho
13%
December 2010Pink1Raise Your Glass
13%
June 2018XXXTentacion1Sad!
13%
April 2011Rihanna feat. Britney Spears1S&M
13%
February 2012Adele2Set Fire to the Rain
13%
January 2012LMFAO2Sexy and I Know It
13%
December 2018Travis Scott1Sicko Mode
13%
May 2017Bruno Mars1That's What I Like
13%
November 2010Kesha1We R Who We R
13%
September 2015Justin Bieber1What Do You Mean?
13%
November 2010Rihanna feat. Drake1What's My Name
13%
January 2019Halsey2Without Me
13%
March 2010Taio Cruz feat. Ludacris1Break Your Heart
0%
March 2013Baauer5Harlem Shake
0%
October 2019Travis Scott1Highest in the Room
0%
January 2011Britney Spears1Hold It Against Me
0%
March 2010The Black Eyed Peas2Imma Be
0%
April 2018Drake8Nice for What
0%
March 2010Rihanna5Rude Boy
0%
November 2011Rihanna feat. Calvin Harris10We Found Love
0%
April 2013Bruno Mars1When I Was Your Man
0%

Score Distribution

Percentile by Number Answered

Percent of People with Each Score

Your Score History

You have not taken this quiz